[Event "21.Wörishofen-Seniorenen op"]
[Site "Bad Wörishofen (03.03.-11.03)"]
[Date "2005.03.09"]
[Round "7.23"]
[White "Wohlfart, Karl-Heinz"]
[Black "Niebaum, Karl"]
[Result "1/2-1/2"]
[WhiteElo "1774"]
[BlackElo "1774"]
[PlyCount "72"]
[EventDate "2005.03.??"]
[Source "Chessorg"]
[SourceDate "2005.12.10"]

1. Nf3 c5 2. e4 Nf6 3. d3 d5 4. Nbd2 Nc6 5. g3 Bg4 6. c3 e6 7. Bg2 dxe4 8. dxe4
Qd3 9. h3 Bh5 10. Qa4 O-O-O 11. g4 Bg6 12. Bf1 Qd7 13. Bb5 Qc7 14. O-O h5 15.
g5 Nd7 16. Bxc6 bxc6 17. Re1 Nb6 18. Qa6+ Kb8 19. a4 Qb7 20. Qe2 f6 21. a5 Nc8
22. b4 Qd7 23. bxc5 Qd3 24. Rb1+ Ka8 25. Nd4 Qxe2 26. Rxe2 Ne7 27. Nxe6 Rd7 28.
a6 Bf7 29. Nd4 Ng6 30. N2b3 Rc7 31. Rbb2 Be7 32. Na5 Bxc5 33. Rb7 Rhc8 34.
Naxc6 Bb6 35. Rxc7 Rxc7 36. gxf6 gxf6 1/2-1/2

[Event "21.Wörishofen-Seniorenen op"]
[Site "Bad Wörishofen (03.03.-11.03)"]
[Date "2005.03.09"]
[Round "7.24"]
[White "Kreie, Guenter"]
[Black "Rueggeberg, Wilhelm"]
[Result "1/2-1/2"]
[WhiteElo "1847"]
[BlackElo "1801"]
[PlyCount "81"]
[EventDate "2005.03.??"]
[Source "Chessorg"]
[SourceDate "2005.12.10"]

1. e4 c5 2. Nf3 d6 3. d4 cxd4 4. Nxd4 Nf6 5. Nc3 a6 6. Bg5 e6 7. f4 Be7 8. Qd2
Nc6 9. Nxc6 bxc6 10. e5 Nd5 11. Bxe7 Qxe7 12. Ne4 dxe5 13. fxe5 O-O 14. c4 Qb4
15. Bd3 Qxd2+ 16. Nxd2 Nf4 17. Be4 Bb7 18. O-O Rad8 19. Nb3 Ne2+ 20. Kh1 Nd4
21. Nc5 Bc8 22. Rad1 Nf5 23. Bxf5 exf5 24. Kg1 Be6 25. b3 a5 26. Kf2 g5 27.
Nxe6 fxe6 28. Ke3 c5 29. g3 Kf7 30. Kf3 Ke7 31. Ke3 h6 32. h3 Rxd1 33. Rxd1 Rd8
34. Rh1 Rd6 35. h4 g4 36. a3 Rd4 37. Kf2 Re4 38. -- Rxe5 39. b4 cxb4 40. axb4
axb4 41. Rb1 1/2-1/2

[Event "21.Wörishofen-Seniorenen op"]
[Site "Bad Wörishofen (03.03.-11.03)"]
[Date "2005.03.09"]
[Round "7.25"]
[White "Garbe, Heinz"]
[Black "Thonig, Manfred"]
[Result "0-1"]
[WhiteElo "1464"]
[BlackElo "1578"]
[PlyCount "82"]
[EventDate "2005.03.??"]
[Source "Chessorg"]
[SourceDate "2005.12.10"]

1. d4 f5 2. c4 Nf6 3. Nc3 e6 4. Nf3 Bb4 5. Bd2 Bxc3 6. Bxc3 Ne4 7. e3 Nxc3 8.
bxc3 O-O 9. Be2 b6 10. O-O Bb7 11. d5 d6 12. dxe6 Qe7 13. Qc2 Qxe6 14. Ne1 Nd7
15. Bf3 c6 16. g3 Ne5 17. Bg2 Ng4 18. h3 Ne5 19. Rd1 Nxc4 20. Nd3 Qh6 21. Kh2
Rae8 22. Nb4 d5 23. Nd3 Bc8 24. Nb4 Bb7 25. Qb3 Kh8 26. Nc2 Nd6 27. Qa3 Nb5 28.
Qb4 a5 29. Qb3 Qf6 30. Nd4 Nxd4 31. cxd4 b5 32. Rc1 a4 33. Qb4 g5 34. Qc3 f4
35. exf4 gxf4 36. g4 f3 37. Bxf3 Qxf3 38. Qxf3 Rxf3 39. Rcd1 Re2 40. Kg2 Ra3
41. Ra1 Rd2 0-1

[Event "21.Wörishofen-Seniorenen op"]
[Site "Bad Wörishofen (03.03.-11.03)"]
[Date "2005.03.09"]
[Round "7.26"]
[White "Richter, Gerhard,Dr.[28Marb]"]
[Black "Malin, Klaus"]
[Result "0-1"]
[WhiteElo "1757"]
[BlackElo "1691"]
[PlyCount "172"]
[EventDate "2005.03.??"]
[Source "Chessorg"]
[SourceDate "2005.12.10"]

1. e4 e5 2. Nf3 Nc6 3. Bc4 Bc5 4. c3 h6 5. b4 Bb6 6. a4 a6 7. d3 Nf6 8. Nbd2 d6
9. Bb3 O-O 10. Nc4 Ba7 11. h3 Be6 12. Be3 b5 13. Ncd2 Qd7 14. Bxa7 Nxa7 15. Nf1
Nh5 16. Ne3 Nf4 17. Bc2 Nc6 18. g4 g6 19. d4 exd4 20. Nxd4 Ne5 21. f3 Rad8 22.
Kf2 d5 23. axb5 axb5 24. h4 dxe4 25. Bxe4 Bd5 26. Nxd5 Nxd5 27. Ne2 Qe6 28. Qb3
Nc4 29. Nd4 Qb6 30. Rad1 c6 31. Rhe1 Rfe8 32. Qc2 Qc7 33. Bxd5 Qh2+ 34. Kf1
Qh1+ 35. Kf2 Qxh4+ 36. Kf1 cxd5 37. Qf2 Qh2 38. Qg1 Ne3+ 39. Rxe3 Qxg1+ 40.
Kxg1 Rxe3 41. Rc1 Rb8 42. Kf2 Ree8 43. Nc6 Ra8 44. Rc2 h5 45. g5 Kg7 46. Nd4
Rab8 47. Nb3 f6 48. gxf6+ Kxf6 49. Rd2 Red8 50. Nd4 Rb6 51. Nb3 Rbd6 52. Nc5 g5
53. Kg3 Kf5 54. Rd4 h4+ 55. Kh3 Rb8 56. Kg2 Rdd8 57. Kf2 Ke5 58. Rg4 Kf6 59.
Rd4 Rbc8 60. Kg2 Rc7 61. Kh3 Re7 62. Kg4 Re3 63. Ne4+ Kg6 64. Nxg5 Rxc3 65. Ne6
Rd6 66. Nf4+ Kh6 67. Rxd5 Rxd5 68. Nxd5 Rc4+ 69. f4 Rd4 70. Ne3 Rxb4 71. Nf5+
Kg6 72. Nxh4+ Kf6 73. Nf3 Rb1 74. Ne5 b4 75. Nd7+ Kg7 76. Kf5 b3 77. Nc5 Rb2
78. Ne6+ Kf7 79. Nc5 Ke7 80. Na4 Rd2 81. Ke4 b2 82. Nc3 Rc2 83. Nb1 Rc1 84. Na3
b1=Q+ 85. Nxb1 Rxb1 86. Kf5 Kf7 0-1

[Event "21.Wörishofen-Seniorenen op"]
[Site "Bad Wörishofen (03.03.-11.03)"]
[Date "2005.03.09"]
[Round "7.27"]
[White "Schmidt, Eugen[35Baden]"]
[Black "Weigel, Herbert"]
[Result "1-0"]
[WhiteElo "1882"]
[BlackElo "1948"]
[PlyCount "59"]
[EventDate "2005.03.??"]
[Source "Chessorg"]
[SourceDate "2005.12.10"]

1. e4 e5 2. Nf3 Nc6 3. Bb5 a6 4. Ba4 Nf6 5. O-O b5 6. Bb3 Bb7 7. Re1 Bc5 8. c3
Ng4 9. d4 exd4 10. cxd4 Nxd4 11. Bxf7+ Kxf7 12. Ng5+ Kg8 13. Qxg4 Nc2 14. Rd1
Bc6 15. Qf3 Qe7 16. Qb3+ Kf8 17. Qxc2 h6 18. Nf3 Bxe4 19. Qe2 Re8 20. Nc3 Bc6
21. Qxe7+ Rxe7 22. Bf4 b4 23. Nd5 Re2 24. Be3 Bd6 25. b3 Kf7 26. Nd4 Be5 27.
Nxe2 Bxa1 28. Nxb4 Bb5 29. Rxa1 Bxe2 30. Re1 1-0

[Event "21.Wörishofen-Seniorenen op"]
[Site "Bad Wörishofen (03.03.-11.03)"]
[Date "2005.03.09"]
[Round "7.28"]
[White "Schumacher, Horst[36Holtenau]"]
[Black "Neumann, Erwin"]
[Result "1/2-1/2"]
[WhiteElo "1723"]
[BlackElo "1769"]
[PlyCount "24"]
[EventDate "2005.03.??"]
[Source "Chessorg"]
[SourceDate "2005.12.10"]

1. e4 e5 2. Bc4 Nf6 3. d4 exd4 4. Nf3 d5 5. e5 Bb4+ 6. Bd2 Bxd2+ 7. Qxd2 dxc4
8. exf6 Qxf6 9. O-O O-O 10. Qxd4 Qxd4 11. Nxd4 Bd7 12. Na3 c5 1/2-1/2

[Event "21.Wörishofen-Seniorenen op"]
[Site "Bad Wörishofen (03.03.-11.03)"]
[Date "2005.03.09"]
[Round "7.29"]
[White "Litterst, Reinhard"]
[Black "Nietsch, Horst"]
[Result "1-0"]
[WhiteElo "1843"]
[BlackElo "1905"]
[PlyCount "121"]
[EventDate "2005.03.??"]
[Source "Chessorg"]
[SourceDate "2005.12.10"]

1. d4 e6 2. Nf3 Nf6 3. c4 b6 4. g3 Bb7 5. Bg2 d5 6. Ne5 Bb4+ 7. Nc3 O-O 8. O-O
Nbd7 9. Nd3 Be7 10. cxd5 exd5 11. Nf4 c6 12. Bd2 Rc8 13. Rc1 Bd6 14. Nd3 Re8
15. Bf4 Qe7 16. Bxd6 Qxd6 17. e3 Ba6 18. Re1 Ne4 19. a3 Bb7 20. Bh3 Ng5 21. Bg2
Ba6 22. Nb4 Bb7 23. Qg4 Ne6 24. h4 Rc7 25. Rc2 Nf6 26. Qd1 a5 27. Nd3 Nd7 28.
Bxd5 Rcc8 29. Bg2 f5 30. Ne2 Qe7 31. Ndf4 Nxf4 32. Nxf4 Nf6 33. Qd3 Ne4 34.
Qb3+ Kh8 35. Qxb6 Ra8 36. Qb3 a4 37. Qd3 Ba6 38. Qd1 Bb7 39. Nd3 g6 40. Nc5 Ra5
41. Bxe4 fxe4 42. Rc4 Rf8 43. Qc2 Ba6 44. Rxa4 Bd3 45. Qd2 Rxc5 46. dxc5 g5 47.
hxg5 Qxg5 48. Rd4 Qf5 49. Rxd3 exd3 50. e4 Qxc5 51. Re3 Rd8 52. Rxd3 Rxd3 53.
Qxd3 Qc1+ 54. Kg2 Qxb2 55. a4 Qb7 56. a5 Kg7 57. a6 Qa7 58. Qc3+ Kg6 59. Qxc6+
Kg5 60. Qb7 Qd4 61. Qd5+ 1-0

[Event "21.Wörishofen-Seniorenen op"]
[Site "Bad Wörishofen (03.03.-11.03)"]
[Date "2005.03.09"]
[Round "7.31"]
[White "Scheidt, Eugen"]
[Black "Auf'm Wasser, Guenter"]
[Result "1/2-1/2"]
[WhiteElo "1738"]
[BlackElo "1613"]
[PlyCount "24"]
[EventDate "2005.03.??"]
[Source "Chessorg"]
[SourceDate "2005.12.10"]

1. Nf3 Nf6 2. d4 d5 3. e3 c6 4. c4 e6 5. Nc3 Bb4 6. Bd2 O-O 7. Qc2 Bxc3 8. Bxc3
Ne4 9. Bb4 Re8 10. Bd3 f5 11. O-O Nd7 12. cxd5 exd5 1/2-1/2

[Event "21.Wörishofen-Seniorenen op"]
[Site "Bad Wörishofen (03.03.-11.03)"]
[Date "2005.03.09"]
[Round "7.32"]
[White "Hommann, Horst"]
[Black "Xander, Karl,Dr."]
[Result "0-1"]
[WhiteElo "1609"]
[BlackElo "1886"]
[PlyCount "136"]
[EventDate "2005.03.??"]
[Source "Chessorg"]
[SourceDate "2005.12.10"]

1. c4 Nf6 2. Nf3 g6 3. Nc3 d5 4. cxd5 Nxd5 5. g3 Bg7 6. Bg2 Nc6 7. O-O O-O 8.
Nxd5 Qxd5 9. d3 Qd6 10. Rb1 Rb8 11. Bd2 Be6 12. b3 Bg4 13. Be3 Qd7 14. Qd2 Bh3
15. Rfc1 Bxg2 16. Kxg2 Rfd8 17. b4 a6 18. Rc2 e5 19. Qc1 Rbc8 20. b5 axb5 21.
Rc5 b4 22. Bd2 Re8 23. Rc4 Bf8 24. Bh6 Be7 25. Be3 f6 26. Nd2 Na5 27. Rc2 Qd5+
28. f3 c5 29. Ne4 b6 30. Nf2 f5 31. Bg5 Nc6 32. h4 Nd4 33. Rcb2 Bxg5 34. Qxg5
Kg7 35. h5 Qd8 36. h6+ Kf7 37. Qc1 Qd5 38. Qg5 Nc6 39. Qh4 Qd4 40. Qh2 Qd8 41.
Kf1 Nd4 42. g4 Qf6 43. Kg2 Rcd8 44. Rh1 Rd7 45. Qg3 Ne6 46. Rhb1 Ra7 47. Rc2
Rea8 48. Rbb2 Nf4+ 49. Kg1 Qe6 50. Kh2 Rxa2 51. gxf5 gxf5 52. Qg7+ Ke8 53. Qh8+
Kd7 54. Qxh7+ Kc6 55. e4 Rxb2 56. Rxb2 Qf6 57. Qxf5 Qxh6+ 58. Nh3 Qxh3+ 59.
Qxh3 Nxh3 60. Kxh3 Ra3 61. Kg4 Rxd3 62. Rh2 b3 63. f4 exf4 64. Kxf4 c4 65. e5
c3 66. Ke4 c2 67. Rh1 Rd2 68. e6 b2 0-1

[Event "21.Wörishofen-Seniorenen op"]
[Site "Bad Wörishofen (03.03.-11.03)"]
[Date "2005.03.09"]
[Round "7.33"]
[White "Mantzouneas, Nikolaos"]
[Black "Schmid, Hermann[39Peiting]"]
[Result "1-0"]
[WhiteElo "1873"]
[BlackElo "2055"]
[PlyCount "123"]
[EventDate "2005.03.??"]
[Source "Chessorg"]
[SourceDate "2005.12.10"]

1. d4 g6 2. c4 Bg7 3. Nc3 d6 4. e4 Nd7 5. Nf3 e5 6. Bg5 Ne7 7. dxe5 dxe5 8. Nd5
f6 9. Be3 c6 10. Nxe7 Qxe7 11. Qb3 Nc5 12. Bxc5 Qxc5 13. Bd3 O-O 14. O-O b6 15.
Qa4 a5 16. Rad1 Rd8 17. Be2 Bb7 18. Rxd8+ Rxd8 19. Rd1 Rxd1+ 20. Qxd1 Qe7 21.
Qb3 Qb4 22. Qd1 Qe7 23. Qb3 c5 24. Qxb6 Bxe4 25. Qxa5 f5 26. Qb6 g5 27. Nd2 Bc2
28. Qc6 e4 29. Qd5+ Qf7 30. Qd8+ Qf8 31. Qxg5 Qd6 32. Nf1 f4 33. Qd5+ Qxd5 34.
cxd5 Bxb2 35. Nd2 Kf7 36. Kf1 Bd4 37. Nc4 Ke7 38. f3 exf3 39. d6+ Ke6 40. Bxf3
Bd3+ 41. Be2 Bxc4 42. Bxc4+ Kxd6 43. Ke2 Ke5 44. h3 h6 45. Kd3 Kf5 46. a4 Be5
47. a5 Bb8 48. Bd5 Bc7 49. a6 Bb8 50. Kc4 Ba7 51. Kb5 Ke5 52. Kc6 c4 53. Bxc4
f3 54. gxf3 Kf4 55. Bd5 Kg3 56. Kb7 Be3 57. a7 Bxa7 58. Kxa7 Kxh3 59. Kb6 Kg3
60. Kc5 h5 61. Kd4 Kf4 62. Kd3 1-0

[Event "21.Wörishofen-Seniorenen op"]
[Site "Bad Wörishofen (03.03.-11.03)"]
[Date "2005.03.09"]
[Round "7.34"]
[White "Rudolph, Joachim"]
[Black "Vorderbruegge, Franz-Josef"]
[Result "0-1"]
[WhiteElo "1683"]
[BlackElo "1729"]
[PlyCount "128"]
[EventDate "2005.03.??"]
[Source "Chessorg"]
[SourceDate "2005.12.10"]

1. f4 d5 2. e3 g6 3. Nf3 Bg4 4. Be2 Bxf3 5. Bxf3 Bg7 6. O-O Nf6 7. d3 O-O 8.
Qe2 Nbd7 9. Nc3 c6 10. Rb1 e6 11. Bd2 c5 12. a3 Rb8 13. Kh1 b5 14. Nd1 Nb6 15.
Nf2 Re8 16. Rfe1 Nfd7 17. Qf1 Na4 18. c3 a6 19. d4 Nab6 20. Be2 Nc4 21. Red1
Qa5 22. Nd3 cxd4 23. exd4 Nxd2 24. Rxd2 Bxd4 25. Nb4 Be3 26. Nc6 Qa4 27. Nxb8
Rxb8 28. Rd3 Qxf4 29. Qxf4 Bxf4 30. Rf1 Bc7 31. g3 Nc5 32. Rdf3 Rf8 33. Bd3 Na4
34. Rb1 Nc5 35. Bc2 Nd7 36. Kg2 Ne5 37. Re3 Ng4 38. Re2 Bb6 39. Kf3 Nf6 40. Bd3
Nd7 41. Bc2 Bc7 42. a4 bxa4 43. Bxa4 Ne5+ 44. Kg2 a5 45. Bd1 Nc4 46. b3 Nd6 47.
c4 dxc4 48. bxc4 Rc8 49. c5 Nf5 50. Rd2 Ne3+ 51. Kf3 Nd5 52. Rc1 h5 53. Ba4 h4
54. Bd7 Rb8 55. Rd3 hxg3 56. hxg3 Ne7 57. Rcc3 Nd5 58. Rb3 Nb4 59. Ra3 Nxd3 60.
Rxd3 Rb7 61. g4 Rb4 62. Bc8 Rf4+ 63. Ke3 Rc4 64. Ba6 Rxc5 0-1

[Event "21.Wörishofen-Seniorenen op"]
[Site "Bad Wörishofen (03.03.-11.03)"]
[Date "2005.03.09"]
[Round "7.35"]
[White "Tochtermann, Georg,Dr."]
[Black "Blosze, Winfried"]
[Result "1-0"]
[WhiteElo "1789"]
[BlackElo "1688"]
[PlyCount "53"]
[EventDate "2005.03.??"]
[Source "Chessorg"]
[SourceDate "2005.12.10"]

1. e4 d6 2. c4 g6 3. Nc3 Bg7 4. g3 c6 5. Bg2 e5 6. Nge2 Be6 7. d3 Ne7 8. Bg5 f6
9. Be3 Na6 10. O-O Qd7 11. Qd2 Nc7 12. Bh6 O-O 13. Bxg7 Kxg7 14. b3 Bh3 15. d4
Bxg2 16. Kxg2 exd4 17. Qxd4 Ne6 18. Qe3 f5 19. Rad1 fxe4 20. Nxe4 Nf5 21. Qc3+
Kh6 22. Qd2+ g5 23. Nxd6 Nxd6 24. Qxd6 Qf7 25. f4 Rad8 26. fxg5+ Kxg5 27. Qe5+
1-0

[Event "21.Wörishofen-Seniorenen op"]
[Site "Bad Wörishofen (03.03.-11.03)"]
[Date "2005.03.09"]
[Round "7.36"]
[White "Wawrinsky, Ludwig"]
[Black "Kluge, Hans-Christof"]
[Result "1-0"]
[WhiteElo "1703"]
[BlackElo "1566"]
[PlyCount "83"]
[EventDate "2005.03.??"]
[Source "Chessorg"]
[SourceDate "2005.12.10"]

1. e4 d6 2. d4 Nf6 3. Nc3 g6 4. Be3 Bg7 5. Qd2 O-O 6. Bh6 Ne8 7. Bc4 Nc6 8.
Bxg7 Nxg7 9. Nge2 a6 10. f3 b5 11. Bb3 Rb8 12. a3 e5 13. h4 h5 14. Rd1 Qf6 15.
Nd5 Qd8 16. Qh6 Na5 17. Ba2 Nc4 18. dxe5 Nxe5 19. Ndf4 Qf6 20. Nd5 Qd8 21. Nd4
Bd7 22. Nf4 c5 23. Nde2 Rb6 24. Nxg6 Nxg6 25. Qxg6 d5 26. Qg3 Rg6 27. Qe5 Re8
28. Qxd5 Qa5+ 29. b4 cxb4 30. Qxf7+ Kh7 31. Kf1 Be6 32. Bxe6 Rexe6 33. axb4 Qb6
34. Rd5 Kh6 35. Qf4+ Kh7 36. Nd4 Rgf6 37. Qe3 Rc6 38. e5 Rg6 39. Qd3 Rc4 40. c3
Qc7 41. Ne6 Qb6 42. Nf8+ 1-0

[Event "21.Wörishofen-Seniorenen op"]
[Site "Bad Wörishofen (03.03.-11.03)"]
[Date "2005.03.09"]
[Round "7.37"]
[White "Huhn, Ulrich"]
[Black "Hausner, Alfreda"]
[Result "1/2-1/2"]
[WhiteElo "1708"]
[BlackElo "1765"]
[PlyCount "55"]
[EventDate "2005.03.??"]
[Source "Chessorg"]
[SourceDate "2005.12.10"]

1. d4 d5 2. Nc3 c6 3. Bg5 h6 4. Bf4 Bf5 5. f3 Nf6 6. e3 Nbd7 7. Bd3 Bxd3 8.
Qxd3 e6 9. e4 g5 10. Bg3 Nh5 11. Nge2 Nxg3 12. hxg3 Bg7 13. e5 a6 14. f4 f5 15.
Qf3 g4 16. Qd3 c5 17. b3 Rc8 18. Rb1 Qa5 19. Kf2 Kf7 20. Nxd5 cxd4 21. c4 Nc5
22. Qxd4 Ne4+ 23. Ke3 Rhd8 24. b4 Qxa2 25. Rhd1 exd5 26. c5 Qa4 27. Qb2 Qd7 28.
Nd4 1/2-1/2

[Event "21.Wörishofen-Seniorenen op"]
[Site "Bad Wörishofen (03.03.-11.03)"]
[Date "2005.03.09"]
[Round "7.38"]
[White "Schuller, Erhard"]
[Black "Harke, Horst"]
[Result "1/2-1/2"]
[WhiteElo "1639"]
[BlackElo "1657"]
[PlyCount "37"]
[EventDate "2005.03.??"]
[Source "Chessorg"]
[SourceDate "2005.12.10"]

1. e4 c6 2. d4 d5 3. Nc3 dxe4 4. Nxe4 Bf5 5. Ng3 Bg6 6. h4 h6 7. Nf3 Nd7 8. h5
Bh7 9. Bd3 Bxd3 10. Qxd3 e6 11. Bd2 Be7 12. Qe2 Qc7 13. c4 O-O-O 14. O-O-O Ngf6
15. Kb1 Bd6 16. Ne4 Nxe4 17. Qxe4 Nf6 18. Qe2 Bf4 19. g3 1/2-1/2

[Event "21.Wörishofen-Seniorenen op"]
[Site "Bad Wörishofen (03.03.-11.03)"]
[Date "2005.03.09"]
[Round "7.40"]
[White "Richter, Helmut[27Mühlacker]"]
[Black "Paulsen, Eckart"]
[Result "1-0"]
[WhiteElo "1692"]
[BlackElo "1636"]
[PlyCount "37"]
[EventDate "2005.03.??"]
[Source "Chessorg"]
[SourceDate "2005.12.10"]

1. c4 e6 2. Nc3 d5 3. e3 c5 4. cxd5 exd5 5. d4 Nc6 6. Nf3 Nf6 7. Be2 cxd4 8.
Nxd4 Bb4 9. O-O Bxc3 10. bxc3 O-O 11. Nxc6 bxc6 12. c4 Be6 13. cxd5 Bxd5 14.
Bf3 Re8 15. Bxd5 Nxd5 16. Bb2 Rb8 17. Bd4 Qa5 18. Qg4 g6 19. Rfc1 1-0

[Event "21.Wörishofen-Seniorenen op"]
[Site "Bad Wörishofen (03.03.-11.03)"]
[Date "2005.03.09"]
[Round "7.41"]
[White "Wittelsberger, Helmut"]
[Black "Fels, Karl-Heinz"]
[Result "1-0"]
[WhiteElo "1794"]
[BlackElo "1785"]
[PlyCount "103"]
[EventDate "2005.03.??"]
[Source "Chessorg"]
[SourceDate "2005.12.10"]

1. e4 e5 2. Nf3 Nc6 3. d4 exd4 4. c3 dxc3 5. Nxc3 Bc5 6. Bc4 d6 7. O-O Nf6 8.
Bg5 h6 9. Bxf6 Qxf6 10. Nd5 Qd8 11. b4 Bxb4 12. Nxb4 Nxb4 13. Qb3 Nc6 14. Bxf7+
Kf8 15. Bd5 Na5 16. Qa3 c6 17. Bb3 Nxb3 18. Qxb3 Qf6 19. Rfe1 Qe6 20. Qa3 Kf7
21. Rad1 Rd8 22. Nd4 Qc4 23. Re3 c5 24. Rc3 Qb4 25. Qxb4 cxb4 26. Rc7+ Kf6 27.
f3 Rd7 28. Rdc1 Rd8 29. Kf2 g5 30. g3 a5 31. Rh7 Kg6 32. Rcc7 Rg8 33. g4 a4 34.
Rcf7 Ra5 35. Nf5 Re5 36. Rc7 Rxf5 37. exf5+ Kf6 38. Rxh6+ Ke5 39. Rc4 b5 40.
Rxb4 Bd7 41. Ke3 d5 42. h4 Rc8 43. hxg5 d4+ 44. Rxd4 Rc3+ 45. Rd3 Rxd3+ 46.
Kxd3 Bc8 47. Ke3 Bd7 48. f4+ Kd5 49. Rh2 b4 50. Rd2+ Kc6 51. Rd4 b3 52. axb3
1-0

[Event "21.Wörishofen-Seniorenen op"]
[Site "Bad Wörishofen (03.03.-11.03)"]
[Date "2005.03.09"]
[Round "7.42"]
[White "Duer, Maria"]
[Black "Frantzke, Helmut"]
[Result "1-0"]
[WhiteElo "1694"]
[BlackElo "1774"]
[PlyCount "105"]
[EventDate "2005.03.??"]
[Source "Chessorg"]
[SourceDate "2005.12.10"]

1. d4 Nf6 2. c4 e5 3. dxe5 Ne4 4. Nf3 Bc5 5. e3 O-O 6. Nbd2 Bb4 7. Bd3 Nc5 8.
Be2 Nc6 9. a3 Bxd2+ 10. Bxd2 Qe7 11. Bc3 Ne4 12. Qc2 f5 13. exf6 Nxf6 14. O-O
d6 15. Rad1 Bg4 16. h3 Bh5 17. Nd4 Bg6 18. Nxc6 bxc6 19. Bd3 Ne4 20. b3 c5 21.
Bb2 Rae8 22. Rde1 Qh4 23. f3 Ng3 24. Rf2 Bxd3 25. Qxd3 Rf7 26. Qd5 Ne4 27. Rfe2
Nf6 28. Bxf6 Qxf6 29. e4 Qc3 30. Re3 Qd4 31. Qxd4 cxd4 32. Rd3 c5 33. b4 Rb7
34. Rb1 a6 35. Rdb3 Reb8 36. Kf2 Kf7 37. Ke2 g5 38. Kd3 Kf6 39. g3 Ke5 40. Kc2
h6 41. Kd3 a5 42. b5 a4 43. R3b2 Rb6 44. Rf2 R6b7 45. f4+ gxf4 46. gxf4+ Kf6
47. Rg2 Rh7 48. Rbg1 h5 49. Rg6+ Kf7 50. h4 Rbh8 51. f5 Ke7 52. R1g5 Rf7 53.
Re6+ 1-0

[Event "21.Wörishofen-Seniorenen op"]
[Site "Bad Wörishofen (03.03.-11.03)"]
[Date "2005.03.09"]
[Round "7.43"]
[White "Czeitschner, Roland"]
[Black "Mahrla, Hans,Dr."]
[Result "1-0"]
[WhiteElo "1766"]
[BlackElo "1626"]
[PlyCount "65"]
[EventDate "2005.03.??"]
[Source "Chessorg"]
[SourceDate "2005.12.10"]

1. b4 e5 2. Bb2 Bxb4 3. Bxe5 Nf6 4. c4 Nc6 5. Bb2 d6 6. Nc3 Be6 7. e3 O-O 8.
Nf3 Bf5 9. Be2 Re8 10. O-O h6 11. d4 d5 12. Qb3 Be6 13. cxd5 Nxd5 14. Qc2 Nxc3
15. Bxc3 Bxc3 16. Qxc3 Bd5 17. h4 a6 18. Rab1 Rb8 19. Rb2 Ne7 20. Nd2 Bc6 21.
h5 Nd5 22. Qc2 Qg5 23. Nf3 Qf6 24. Ne5 Rxe5 25. dxe5 Qg5 26. Bf3 Qxe5 27. Qd2
Ne7 28. Bxc6 Nxc6 29. Rc2 Rd8 30. Qc3 Qxc3 31. Rxc3 Rd5 32. Rb1 Na5 33. Rxc7
1-0

[Event "21.Wörishofen-Seniorenen op"]
[Site "Bad Wörishofen (03.03.-11.03)"]
[Date "2005.03.09"]
[Round "7.44"]
[White "Rahn, Oskar"]
[Black "Luecke, Volkmar"]
[Result "1-0"]
[WhiteElo "2000"]
[BlackElo "1863"]
[PlyCount "139"]
[EventDate "2005.03.??"]
[Source "Chessorg"]
[SourceDate "2005.12.10"]

1. e4 e6 2. d4 d5 3. Nd2 dxe4 4. Nxe4 Nd7 5. Nf3 Ngf6 6. Nxf6+ Nxf6 7. c3 Be7
8. Bd3 O-O 9. O-O b6 10. Qe2 Bb7 11. Bf4 Rc8 12. Rad1 Re8 13. c4 g6 14. Bd2 c5
15. dxc5 Bxc5 16. Bc3 Bxf3 17. Qxf3 Nd7 18. Be4 e5 19. Bd5 Rf8 20. Bc6 Bd4 21.
Bxd4 exd4 22. Bd5 Ne5 23. Qe4 Nxc4 24. Qxd4 Nd6 25. Qf4 Kg7 26. Bb7 Nxb7 27.
Rxd8 Nxd8 28. Rd1 Ne6 29. Qe5+ Kg8 30. h4 Rc5 31. Qe3 Rfc8 32. g3 Rc2 33. Rd7
R2c7 34. Rd3 Rc2 35. Rb3 Rc1+ 36. Kg2 R1c2 37. Qe5 Rc1 38. Rd3 R1c2 39. a3 R2c5
40. Qe3 Rc2 41. b4 h5 42. Qe5 R2c4 43. Rd6 Rc2 44. Rxe6 fxe6 45. Qxe6+ Kg7 46.
Qe7+ Kh6 47. Qxa7 R2c6 48. Qe7 R8c7 49. Qe5 Rf7 50. Qh8+ Rh7 51. Qf8+ Rg7 52.
a4 Rcc7 53. Qh8+ Rh7 54. Qf6 Rb7 55. f4 Rhf7 56. Qh8+ Rh7 57. Qf8+ Rhg7 58. f5
Kh7 59. fxg6+ Kxg6 60. Qd6+ Kh7 61. Qf6 Rg6 62. Qf3 Rbg7 63. Qxh5+ Kg8 64. Qe5
Rg4 65. Qc3 R7g6 66. Kh3 Kh7 67. Qd3 Kh6 68. Qe3+ Kh7 69. Qe5 Rg7 70. Qf5+ 1-0

[Event "21.Wörishofen-Seniorenen op"]
[Site "Bad Wörishofen (03.03.-11.03)"]
[Date "2005.03.09"]
[Round "7.45"]
[White "Winkler, Hans"]
[Black "Diete, Guenter"]
[Result "1-0"]
[WhiteElo "1709"]
[BlackElo "1696"]
[PlyCount "88"]
[EventDate "2005.03.??"]
[Source "Chessorg"]
[SourceDate "2005.12.10"]

1. c4 e5 2. Nc3 Nc6 3. g3 f5 4. Bg2 Nf6 5. e3 Be7 6. a3 O-O 7. b4 Qe8 8. Nb5
Bd8 9. Ne2 a6 10. Nbc3 d6 11. b5 axb5 12. cxb5 Ne7 13. a4 c6 14. Bb2 Be6 15.
O-O g5 16. f4 gxf4 17. gxf4 e4 18. d3 Ng4 19. Qd2 Bb6 20. Nd4 Nd5 21. Nxd5 Bxd5
22. h3 Nh6 23. Qe2 c5 24. Nc2 Qg6 25. Kh2 Kf7 26. Rg1 Qe6 27. dxe4 Bc4 28. Qh5+
Qg6 29. Bf3 Qxh5 30. Bxh5+ Ke6 31. Bg7 Rf6 32. Bxf6 Kxf6 33. exf5 Bd3 34. Ne1
Nxf5 35. Nxd3 Nxe3 36. Nf2 Kf5 37. Kg3 Nc2 38. Rac1 Nd4 39. Kh2 Rxa4 40. Bg4+
Kf6 41. Rb1 Ra3 42. Kg2 Ra2 43. Rge1 c4 44. Kf1 Bc5 1-0

[Event "21.Wörishofen-Seniorenen op"]
[Site "Bad Wörishofen (03.03.-11.03)"]
[Date "2005.03.09"]
[Round "7.47"]
[White "Lange, Detlef"]
[Black "Bartlitz, Heinz"]
[Result "0-1"]
[WhiteElo "1635"]
[BlackElo "1567"]
[PlyCount "146"]
[EventDate "2005.03.??"]
[Source "Chessorg"]
[SourceDate "2005.12.10"]

1. e4 d6 2. d4 Nf6 3. Nc3 c6 4. Bc4 b5 5. Bd3 e5 6. Nf3 Bg4 7. Be3 Qc7 8. d5 a6
9. h3 Bh5 10. dxc6 Nxc6 11. Nd5 Nxd5 12. exd5 Ne7 13. g4 Bg6 14. Bxg6 Nxg6 15.
O-O Rc8 16. c4 bxc4 17. Qa4+ Qd7 18. Qxa6 Be7 19. Rfc1 O-O 20. Rxc4 Rxc4 21.
Qxc4 Rc8 22. Qd3 h5 23. Qf5 Qxf5 24. gxf5 Nf8 25. Rc1 Rxc1+ 26. Bxc1 Nd7 27. a4
Bd8 28. Bd2 Nb6 29. a5 Nxd5 30. a6 Bb6 31. Kf1 Nc7 32. Bb4 e4 33. Bxd6 Nxa6 34.
Ne5 Bd4 35. Nc4 Nc5 36. b4 Nb7 37. Bf4 Kf8 38. Nd2 Bc3 39. b5 Bxd2 40. Bxd2 Ke7
41. Bg5+ Kd6 42. b6 Kc6 43. Be3 Nd6 44. f6 g6 45. Bf4 Nc4 46. b7 Kxb7 47. Ke2
Kc6 48. f3 Kd5 49. Bc7 exf3+ 50. Kxf3 Ke6 51. Bd8 Kf5 52. Kg3 g5 53. Be7 Nd2
54. Bd8 Ne4+ 55. Kf3 Nxf6 56. Bc7 Nd5 57. Bb8 Nc3 58. Ke3 Nd5+ 59. Kf3 Ke6 60.
Bh2 f5 61. Bb8 Ne7 62. Bc7 Nc6 63. Bg3 Kd5 64. h4 Ne5+ 65. Bxe5 Kxe5 66. hxg5
h4 67. Kg2 f4 68. Kf3 h3 69. Kf2 Kf5 70. Kf3 Kxg5 71. Kf2 Kg4 72. Kg1 Kf3 73.
Kh2 Ke2 0-1

[Event "21.Wörishofen-Seniorenen op"]
[Site "Bad Wörishofen (03.03.-11.03)"]
[Date "2005.03.09"]
[Round "7.48"]
[White "Oser, Thor"]
[Black "Mittelsteiner, Horst"]
[Result "1/2-1/2"]
[WhiteElo "1631"]
[BlackElo "1614"]
[PlyCount "23"]
[EventDate "2005.03.??"]
[Source "Chessorg"]
[SourceDate "2005.12.10"]

1. d4 d5 2. e3 Bf5 3. Bd3 Bxd3 4. Qxd3 c6 5. Nd2 Nf6 6. f4 Nbd7 7. Ngf3 e6 8.
O-O Be7 9. Ne5 O-O 10. e4 Nxe4 11. Nxe4 dxe4 12. Qxe4 1/2-1/2

[Event "21.Wörishofen-Seniorenen op"]
[Site "Bad Wörishofen (03.03.-11.03)"]
[Date "2005.03.09"]
[Round "7.50"]
[White "Frey, Walter"]
[Black "Aigner, Georg"]
[Result "1-0"]
[WhiteElo "1707"]
[BlackElo "1823"]
[PlyCount "71"]
[EventDate "2005.03.??"]
[Source "Chessorg"]
[SourceDate "2005.12.10"]

1. Nf3 d5 2. d4 Nd7 3. Bf4 Ngf6 4. e3 c6 5. c3 e6 6. Nbd2 c5 7. Be2 Be7 8. h3
Qb6 9. Qc2 Nf8 10. Ne5 Ng6 11. Nxg6 hxg6 12. Nf3 Bd7 13. Ne5 Kf8 14. g4 Be8 15.
f3 Nd7 16. Nxd7+ Bxd7 17. O-O-O Rc8 18. Kb1 Qa5 19. e4 cxd4 20. Rxd4 Bf6 21.
Bd6+ Be7 22. Bxe7+ Kxe7 23. exd5 exd5 24. Re1 Rxh3 25. Bf1+ Be6 26. Bxh3 Qc7
27. f4 Kf8 28. Qf2 b5 29. f5 gxf5 30. gxf5 Bd7 31. f6 Bxh3 32. Rh4 Kg8 33. Rxh3
Qd7 34. Qh4 Qf5+ 35. Ka1 Qxh3 36. Qxh3 1-0